Statistics for Real Madrid Champions League Players

Click here to take the quiz!

General Stats

  • This quiz has been taken 350 times
    (330 since last reset)
  • The average score is 65 of 193

Answer Stats

Los Blancos% Correct
Cristiano Ronaldo
98%
Ronaldo
97%
Karim Benzema
94%
Sergio Ramos
90%
Luka Modrić
89%
Kiko Casilla
88%
Toni Kroos
87%
Gareth Bale
86%
Marcelo
85%
Thibaut Courtois
84%
Casemiro
81%
Dani Carvajal
81%
Vinícius Júnior
81%
Raúl
78%
Zinédine Zidane
78%
Keylor Navas
76%
Luís Figo
76%
Marco Asensio
75%
Rodrygo
75%
Pepe
74%
Ángel Di María
73%
Raphaël Varane
73%
David Beckham
72%
Isco
72%
Roberto Carlos
71%
David Alaba
69%
Ferland Mendy
69%
Eduardo Camavinga
68%
Xabi Alonso
68%
Iker Casillas
67%
Eden Hazard
66%
Mesut Özil
66%
Éder Militão
64%
Kaká
64%
Lucas Vázquez
63%
Fábio Coentrão
61%
Nacho
61%
Fernando Hierro
60%
James Rodríguez
60%
Sami Khedira
60%
Álvaro Arbeloa
59%
Federico Valverde
59%
Théo Hernandez
56%
Jesé Rodríguez
55%
Guti
54%
Javier Hernández
54%
Álvaro Morata
52%
Arjen Robben
51%
Dani Ceballos
51%
Diego López
50%
Ruud van Nistelrooy
50%
Fabio Cannavaro
47%
Jordi López
47%
Mariano Díaz
46%
Ricardo Carvalho
46%
Claude Makélélé
45%
Lassana Diarra
45%
Fernando Morientes
44%
Mahamadou Diarra
43%
Michael Owen
43%
Raúl Albiol
43%
Mateo Kovačić
42%
José Rodríguez
41%
Jesús Vallejo
40%
Michael Essien
39%
Achraf Hakimi
38%
Robinho
38%
Wesley Sneijder
37%
César Sánchez
36%
Martin Ødegaard
36%
Míchel Salgado
36%
Steve McManaman
36%
Carlos Sánchez
35%
Javi Sánchez
35%
Luka Jović
35%
Víctor Sánchez
35%
Emmanuel Adebayor
34%
Borja Fernández
33%
Clarence Seedorf
33%
Jaime Sánchez Fernández
33%
Dani
32%
Fernando Gago
32%
Marcos Llorente
32%
Nicolas Anelka
32%
Samuel Eto'o
32%
Álvaro Odriozola
31%
Iván Helguera
31%
Rafael van der Vaart
31%
José Callejón
30%
Asier Illarramendi
29%
Danilo
28%
Rubén de la Red
28%
Jerzy Dudek
27%
Borja Mayoral
26%
Davor Šuker
26%
Hamit Altıntop
26%
Javi García
26%
José Manuel Meca García
26%
Pablo García
26%
Fernando Redondo
25%
Royston Drenthe
25%
Zé Roberto
25%
Esteban Cambiasso
24%
Gabriel Heinze
24%
Jonathan Woodgate
24%
Miguel Torres
24%
Nuri Şahin
24%
Esteban Granero
23%
Michael Laudrup
23%
Thomas Gravesen
23%
Alphonse Areola
22%
Ezequiel Garay
22%
Predrag Mijatović
22%
Santiago Solari
22%
Sávio
22%
Walter Samuel
22%
Antonio Cassano
21%
Lucas Silva
20%
Antonio Adán
19%
Christian Panucci
19%
Javier Saviola
19%
Santiago Cañizares
19%
Bodo Illgner
18%
Brahim Díaz
18%
Francisco Pavón
18%
Roberto Soldado
18%
Adrián Martín
17%
Christian Karembeu
17%
Christoph Metzelder
17%
Júlio Baptista
17%
Júlio César
17%
Sergio Reguilón
17%
José Antonio Reyes
16%
Manuel Sanchís
16%
Raúl Bravo
16%
Sergio Canales
16%
Emerson
15%
Iván Zamorano
15%
Luis Enrique Martínez
15%
Pedro León
15%
Aitor Karanka
14%
Cicinho
14%
Denis Cheryshev
14%
Miguel Gutiérrez
14%
Iván Campo
13%
Geremi
12%
Míchel
12%
Sergio Arribas
12%
Paco Buyo
11%
Antonio Blanco
10%
Chendo
9%
Javier Portillo
9%
Álvaro Mejía
8%
Flávio Conceição
8%
José Emilio Amavisca
8%
Luis Milla
8%
Mariano Díaz Mejía
8%
Quique Sánchez Flores
8%
Albert Celades
7%
Rafael Alkorta
7%
Robert Jarni
7%
Álvaro Medrán
6%
Hugo Duro
6%
Javier Balboa
6%
Pedro Mendes
6%
Pedro Munitis
6%
Alberto Bueno
5%
Álvaro Tejero
5%
Carlos Diogo
5%
Mikel Lasa
5%
Tote
5%
Albano Bizzarri
4%
Fernando Sanz
4%
Miquel Soler
4%
Óscar Miñambres
4%
Pablo Sarabia
4%
Alberto Rivera
3%
Borja Valero
3%
Carlos Aranda
3%
David Mateos
3%
Freddy Rincón
3%
José Manuel Jurado
3%
Juan Esnáider
3%
Perica Ognjenović
3%
Sandro
3%
David Aganzo
2%
García Calvo
2%
Gonzalo Higuaí­n
2%
Miguel Ángel Nieto
2%
Nando
2%
Rubén González Rocha
2%
Valmiro Lopes Rocha
2%

Score Distribution

Percentile by Number Answered

Percent of People with Each Score

Your Score History

You have not taken this quiz since the last reset